000 01097cam a2200301 i 4500
001 39787
003 Mx-PuUPA
005 20211019131445.0
008 140415s1998 mx a r 000 0 spa d
020 _a968863249X (obra completa)
040 _aMX-PuUPA
_bspa
_erda
_cMx-PuUPA
_dMx-PuUPA
041 0 _aspa
100 1 _aGutiérrez Herrera, José Luis,
_eautor
_96692
245 1 0 _aOncología :
_bmanual de interpretación clínica /
_cJosé Luis Gutiérrez Herrera.
250 _aPrimera edición
264 1 _aPuebla, Pue. :
_bBenemérita Universidad Autónoma de Puebla,
_bDirección General de Fomento Editorial,
_c1998
300 _a5 volúmenes (paginación varía) :
_bilustraciones ;
_c23 cm.
336 _atexto
_2rdacontent
_btxt
337 _asin medio
_2rdamedia
_bn
338 _avolumen
_2rdacarrier
_bnc
490 0 _aTextos UAP
490 0 _aApoyo a la docencia
650 4 _aOncología
_xDiagnostico
942 _2ddc
_cLI
_h616.994075
_iG983
999 _c39787
_d39787